| 000 | 00433nam a2200157Ia 4500 | ||
|---|---|---|---|
| 008 | 240729s9999 xx 000 0 und d | ||
| 022 | _a2812-5479 | ||
| 245 | 0 | _aMansoura Journal of Dentistry | |
| 260 | _aEgypt | ||
| 260 | _bFaculty of Dentistry – Mansoura University | ||
| 650 | _a Dentistry | ||
| 650 | _aMedicine | ||
| 856 | _uhttps://doaj.org/toc/c57ed314a1be437c9f6940a4be1bc168 | ||
| 942 | _2ddc | ||
| 942 | _cDOAJEJ | ||
| 999 |
_c74744 _d74744 |
||
| 945 |
_a1 _bMadushi Gamage _c1 _dMadushi Gamage |
||